| 000 | 00774nam a2200205 a 4500 | ||
|---|---|---|---|
| 003 | 0 | ||
| 005 | 20250324130240.0 | ||
| 008 | 060801s19uu xx 00 eng d | ||
| 050 |
_aPGS TX 360.P6.N87 _b.D353 2006 |
||
| 100 | _aDelica, Paul M. | ||
| 245 |
_aThe awareness of the lower school students on the nutritional value of junk foods / _cPaul M. Delica. |
||
| 260 |
_aLas PiƱas City, Philippines : _bSouthville International School and Colleges, _c2006. |
||
| 300 |
_a21 pages : _billustrations ; _c28 cm. |
||
| 504 | _aIncludes bibliographical references. | ||
| 650 |
_aNutrition _vStudy and teaching. |
||
| 650 |
_aFood habits _vHealth aspects. |
||
| 650 |
_aJunk food _vNutritional aspects. |
||
| 650 |
_aChildren _vNutrition _zPhilippines. |
||
| 942 |
_2lcc _cPASS |
||
| 999 |
_c97474 _d97474 |
||